Normal view
MARC view
Entry Personal Name
001 - CONTROL NUMBER
- control field: 31327
003 - CONTROL NUMBER IDENTIFIER
- control field: ARRUPE
005 - DATE AND TIME OF LATEST TRANSACTION
- control field: 20170529110316.0
008 - FIXED-LENGTH DATA ELEMENTS
- fixed length control field: 170529|| aca||aabn | a|a d
040 ## - CATALOGING SOURCE
- Original cataloging agency: ARRUPE
- Transcribing agency: ARRUPE
100 ## - HEADING--PERSONAL NAME
- Personal name: Omer-Cooper, J. D.
- Fuller form of name: (John D.)
670 ## - SOURCE DATA FOUND
- Source citation: Work cat.: (ARRUPE)13687: Omer-Cooper, J. D. (John D.), A history of Southern Africa /, 1987.